00796nam a2200229 a 450000100060000000300080000600500170001400800410003102000140007203500190008604000270010504100080013208200250014010000240016524501760018926000780036530000200044350400300046365000380049370000190053170000160055057107BD-RjUL20211209080453.0161206s1988 B bb 000 0 eng  c Tk.50.00 a(BD-RjUL)57231 aDLCcDLCdBD-RjULbeng aeng00a305.42223bHAR 19881 aHannan, Ferdouse H.10aResources untapped :ban exploration into women's role in homestead agricultural production system /cFerdouse H. Hannan ; assistant researchers, Tahamin Banu, Shamim Ara. aComilla :bWomen's Desk, Bangladesh Academy for Rural Development,c1988. a71 p. ;c22 cm. aBibliography: p. [70]-71. 0aWomen in agriculturezBangladesh.0 aTahamin Banu. 0 aShamim Ara.